A magyar nyelv bolgár-szláv elemeiről
Elmentve itt :
| Szerző: | |
|---|---|
| Dokumentumtípus: | Cikk |
| Megjelent: |
1983
|
| Sorozat: | Dissertationes slavicae
14 No. Supple |
| Kulcsszavak: | Nyelvtudomány |
| Online Access: | http://acta.bibl.u-szeged.hu/820 |
| LEADER | 00606nab a2200181 i 4500 | ||
|---|---|---|---|
| 001 | acta820 | ||
| 005 | 20210310110852.0 | ||
| 008 | 161015s1983 hu o 0|| hun d | ||
| 022 | |a 0586-3732 | ||
| 040 | |a SZTE Egyetemi Kiadványok Repozitórium |b hun | ||
| 041 | |a hun | ||
| 100 | 2 | |a H. Tóth Imre | |
| 245 | 1 | 2 | |a A magyar nyelv bolgár-szláv elemeiről |h [elektronikus dokumentum] / |c H. Tóth Imre |
| 260 | |c 1983 | ||
| 300 | |a 135-158 | ||
| 490 | 0 | |a Dissertationes slavicae |v 14 No. Supple | |
| 695 | |a Nyelvtudomány | ||
| 856 | 4 | 0 | |u http://acta.bibl.u-szeged.hu/820/1/dissert_slav_014_suppl_135-158.pdf |z Dokumentum-elérés |